The citizen finds a home: identity politics in Karbi Anglong (Record no. 509007)

000 -LEADER
fixed length control field 00471nam a2200157 4500
008 - FIXED-LENGTH DATA ELEMENTS--GENERAL INFORMATION
fixed length control field 190417b ||||| |||| 00| 0 eng d
100 ## - MAIN ENTRY--PERSONAL NAME
Personal name Rajkhowa, Gaurav
245 ## - TITLE STATEMENT
Title The citizen finds a home: identity politics in Karbi Anglong
260 ## - PUBLICATION, DISTRIBUTION, ETC. (IMPRINT)
Date of publication, distribution, etc 2018
300 ## - PHYSICAL DESCRIPTION
Extent p.17-20.
700 ## - ADDED ENTRY--PERSONAL NAME
Personal name Tamuliphukan, Ankur
9 (RLIN) 4579
700 ## - ADDED ENTRY--PERSONAL NAME
Personal name Boruah, Bidyut Sagar
9 (RLIN) 4580
773 ## - HOST ITEM ENTRY
Main entry heading Economic and Political Weekly
906 ## - LOCAL DATA ELEMENT F, LDF (RLIN)
Subject DIP Citizenship - India - Assam
942 ## - ADDED ENTRY ELEMENTS (KOHA)
Source of classification or shelving scheme
Item type Articles
Holdings
Withdrawn status Lost status Source of classification or shelving scheme Damaged status Not for loan Permanent location Current location Date acquired Serial Enumeration / chronology Barcode Date last seen Koha item type
          Indian Institute of Public Administration Indian Institute of Public Administration 2019-04-17 53(47), 1 Dec, 2018: p.17-20. AR119432 2019-04-17 Articles

Powered by Koha